000 00525nam a2200169Ia 4500
003 LK-CoDNM
005 20240808150229.0
008 010623t1798 xxu||||| |||| 00| 1 eng d
040 _aLK-CoDNM
_dLK-CoDNM
_eLK-CoDNM
041 _aeng
080 _a16
_bAA39
100 _aJustamond,jo
245 _aA Philosophical and Political History of the settlements and trade of the Europeans in the east and west Indies
260 _bAbbe Raynal
_aLondon
_c1798
300 _bvii, 473p. : map ; 260: 2nd ed ; 21 cm
942 _cBK
999 _c80860
_d80860